000 01359nam a2200337Ia 4500
001 ebr10086770
003 CaPaEBR
006 m u
007 cr cn|||||||||
008 920608s1993 nyua sb 001 0 eng d
010 _z 92022151
020 _z0195046498 (cloth : acid-free paper)
040 _aCaPaEBR
_cCaPaEBR
035 _a(OCoLC)191934738
050 1 4 _aBJ1533.H8
_bN84 1993eb
082 0 4 _a305.31/0944/0903
_220
100 1 _aNye, Robert A.
245 1 0 _aMasculinity and male codes of honor in modern France
_h[electronic resource] /
_cRobert A. Nye.
260 _aNew York :
_bOxford University Press,
_c1993.
300 _aix, 316 p. :
_bill.
440 0 _aStudies in the history of sexuality
504 _aIncludes bibliographical references (p. 297-309) and index.
533 _aElectronic reproduction.
_bPalo Alto, Calif. :
_cebrary,
_d2005.
_nAvailable via World Wide Web.
_nAccess may be limited to ebrary affiliated libraries.
650 0 _aHonor
_zFrance
_xHistory.
650 0 _aMen
_zFrance
_xConduct of life
_xHistory.
650 0 _aMasculinity
_zFrance
_xHistory.
651 0 _aFrance
_xSocial life and customs.
655 7 _aElectronic books.
_2local
710 2 _aebrary, Inc.
856 4 0 _uhttp://site.ebrary.com/lib/rucke/Doc?id=10086770
_zAn electronic book accessible through the World Wide Web; click to view
999 _c50982
_d50982